Report of the Finance Committee on the 2016 Annual Budget Estimates of Other Government Obligations. (Record no. 1071)

MARC details
000 -LEADER
fixed length control field 00487nam a2200157Ia 4500
008 - FIXED-LENGTH DATA ELEMENTS--GENERAL INFORMATION
fixed length control field 240428s9999||||xx |||||||||||||| ||und||
041 ## - LANGUAGE CODE
Language code of text/sound track or separate title eng
082 ## - DEWEY DECIMAL CLASSIFICATION NUMBER
Classification number AE/OGO/2016
100 ## - MAIN ENTRY--PERSONAL NAME
Personal name Ministry of Finance
245 #0 - TITLE STATEMENT
Title Report of the Finance Committee on the 2016 Annual Budget Estimates of Other Government Obligations.
260 ## - PUBLICATION, DISTRIBUTION, ETC.
Name of publisher, distributor, etc. Ministry of Finance
Place of publication, distribution, etc. [Accra] :
Date of publication, distribution, etc. 2016
300 ## - PHYSICAL DESCRIPTION
Extent 5p.
650 ## - SUBJECT ADDED ENTRY--TOPICAL TERM
Topical term or geographic name entry element Annual Budget Estimates of Government Obligations
942 ## - ADDED ENTRY ELEMENTS (KOHA)
Koha item type E-resources & Electronic Documnets
Holdings
Withdrawn status Lost status Damaged status Not for loan Home library Current library Shelving location Date acquired Total checkouts Full call number Date last seen Copy number Price effective from Koha item type
        Main Library Main Library Open Shelves 25/05/2022   AE/OGO/2016 517 29/04/2024 1 29/04/2024 E-resources & Electronic Documnets
©2026  Parliament of Ghana Library - All rights reserved